000
00264nam a2200109Ia 4500
008
220204s9999 xx 000 0 und d
082
_a
82-3MB
_b
ARB
100
_a
Arbor, Jane
245
0
_a
Pact without desire
260
_a
London
_b
Mills and Boon
_c
1979
942
_c
BK
999
_c
35669
_d
35669